000 00533cam a2200181 4500
001 D9107
008 090401t1980 xxu||||| |||| 00| 0 eng d
035 _a(Sirsi) u17431
041 _aeng
050 _a526.9092
110 _aSurrey County Council. Surrey Record Office
_93438
245 _a... The diaries of Edward Ryde, surveyor, 1844-92. Deposited on long loan in June 1977 by Mr Arnold Ryde
260 _aGuildford
_bSurrey Record Office
_c1980
300 _a106p. 30cm
350 _a0
942 _n0
948 _c04/03/1997
999 _c87507
_d87507